Statistiken für Alle Minderheiten Japans

Klicken Sie hier um das Quiz zu spielen!

Allgemein

  • Dieses Quiz wurde 44 mal gespielt
  • Das Durchschnittsergebnis liegt bei 33 aus 42

Antwortstatistiken

BevölkerungLand% Korrekt
813,675China
100%
446,364Südkorea
97%
411,968Vietnam
97%
7,782Deutschland
92%
40,202Indien
92%
59,172Thailand
92%
59,172USA
92%
211,677Brasilien
89%
14,106Frankreich
89%
66,860Indonesien
89%
17,766Pakistan
89%
2,965Laos
86%
10,862Malaysia
86%
9,378Russland
86%
64,773Taiwan
86%
12,024Australien
83%
11,118Kanada
83%
32,049Myanmar
83%
3,672Neuseeland
83%
28,096Nordkorea
83%
3,620Spanien
83%
18,631Vereinigtes Königreich
83%
4,702Italien
81%
2,889Mexiko
81%
282,798Philippinen
81%
15,020Kambodscha
78%
27,367Sri Lanka
78%
5,419Türkei
78%
4,170Iran
75%
3,164Singapur
75%
3,077Argentinien
72%
16,632Bangladesch
72%
2,509Kolumbien
72%
12,797Mongolei
72%
96,824Nepal
72%
3,350Afghanistan
67%
48,669Peru
64%
2,404Rumänien
50%
3,627Usbekistan
50%
3,201Nigeria
47%
6,096Bolivien
44%
2,404Ghana
22%

Verteilung der Resultate

Perzentil nach korrekt beantworteten Fragen

Anzahl Personen mit jedem Resultat

Ihre Resultats-Entwicklung

Sie haben dieses Quiz noch nicht gespielt